Statystyki dla Jakie są smaki lodów?

Kliknij tutaj aby rozwiązać quiz!

Ogólne statystyki

  • Ten quiz został rozwiązany 729 razy
  • Średni wynik to 4 z 12

Statystyki odpowiedzi

HintOdpowiedź% Poprawnych
3.Czekoladowe
94%
5.Truskawkowe
90%
1.Śmietankowe
86%
6.Orzechowe
32%
7.Słony Karmel
30%
8.Kawowe
27%
9.Ciasteczkowe
24%
11.Oreo
23%
4.Toffi
19%
2.Wanilinowe
13%
10.Biała Czekolada
6%
12.Ajerkoniak
3%

Rozkład punktacji

Percentyl według liczby udzielonych odpowiedzi

Procent ludzi z każdym wynikiem

Twoja historia wyników

Nie rozwiązałeś tego quizu